[Event "EU-Cup 36th"]
[Site "Struga"]
[Date "2021.09.21"]
[Round "4.5"]
[White "Tscharnuter, Noah"]
[Black "Kurochkin, Victor"]
[Result "0-1"]
[WhiteElo "1897"]
[BlackElo "2407"]
[PlyCount "113"]
[EventDate "2021.09.18"]
[EventType "team-swiss"]
[EventRounds "7"]
[EventCountry "MKD"]
[SourceTitle "CBM 204 Extra"]
[Source "ChessBase"]
[SourceDate "2021.11.30"]
[SourceVersion "1"]
[SourceVersionDate "2021.11.30"]
[SourceQuality "1"]
[WhiteTeam "Raika Feffernitz"]
[BlackTeam "Perfect"]
[WhiteTeamCountry "AUT"]
[BlackTeamCountry "MDA"]

1. e4 c5 2. c3 e5 3. Nf3 Nc6 4. Bb5 Bd6 5. 0-0 Nge7 6. d3 0-0 7. Bg5 h6 8. Bh4 Qb6 9. Na3 Ng6 10. Qe2 Be7 11. Bxc6 Nxh4 12. Nxh4 dxc6 13. Nc4 Qc7 14. Qh5 Kh7 15. Nf5 Bg5 16. Qf3 g6 17. h4 Bd8 18. Nfe3 Bxh4 19. Ng4 h5 20. Nh2 Kg7 21. Qe2 Be6 22. Ne3 Rad8 23. Nf3 Bf6 24. g3 Rh8 25. Ng2 Bc8 26. Nfh4 Qd7 27. Rad1 Qh3 28. Qe3 b6 29. f4 Qg4 30. fxe5 Bxe5 31. Rf3 Rhe8 32. Rdf1 Re7 33. Qf2 Qe6 34. Ne3 Kg8 35. Nc4 Bg7 36. e5 Qd5 37. Nd6 Be6 38. c4 Qd4 39. Qxd4 cxd4 40. Ne4 Bxe5 41. Ng5 Rdd7 42. Re1 Bg4 43. Nxf7 Bxg3 44. Nh6+ Kh7 45. Rxe7+ Rxe7 46. Nxg4 Bxh4 47. Nf6+ Bxf6 48. Rxf6 c5 49. b4 cxb4 50. Rd6 Re2 51. Rd7+ Kh6 52. Rxa7 Rd2 53. Ra4 Rxd3 54. Rxb4 Rc3 55. Rxb6 Rxc4 56. Rd6 Ra4 57. Rd5 0-1

[Event "EU-Cup 32nd"]
[Site "Novi Sad"]
[Date "2016.11.11"]
[Round "6.3"]
[White "Kostromin, Mikhail"]
[Black "Kurochkin, Victor"]
[Result "1/2-1/2"]
[WhiteElo "2306"]
[BlackElo "2410"]
[PlyCount "71"]
[EventDate "2016.11.06"]
[EventType "team-swiss"]
[EventRounds "7"]
[EventCountry "SRB"]
[SourceTitle "CBM 176"]
[Source "ChessBase"]
[SourceDate "2017.01.17"]
[SourceVersion "1"]
[SourceVersionDate "2017.01.17"]
[SourceQuality "1"]
[WhiteTeam "LugPokerChess"]
[BlackTeam "Perfect"]
[WhiteTeamCountry "RUS"]
[BlackTeamCountry "RUS"]

1. e4 c5 2. Nf3 d6 3. d4 cxd4 4. Nxd4 Nf6 5. Nc3 a6 6. Bc4 e6 7. a4 Be7 8. 0-0 0-0 9. Be3 Qc7 10. Qe2 b6 11. f4 Nbd7 12. f5 e5 13. Nf3 Bb7 14. Bg5 h6 15. Bh4 Rfe8 16. Rad1 d5 17. Bxd5 Nxd5 18. Nxd5 Bxd5 19. exd5 Bxh4 20. Nxh4 Nf6 21. Kh1 Rac8 22. Qxa6 Qxc2 23. d6 Ra8 24. Qxb6 Qxa4 25. b4 Rab8 26. Qc7 Rec8 27. Qa5 Qxb4 28. Qxb4 Rxb4 29. Nf3 e4 30. Ne5 Rb6 31. Rd4 Rd8 32. Rfd1 e3 33. h3 e2 34. Re1 Rbxd6 35. Rxd6 Rxd6 36. Rxe2 1/2-1/2

[Event "EU-Cup 32nd"]
[Site "Novi Sad"]
[Date "2016.11.07"]
[Round "2.3"]
[White "Kurochkin, Victor"]
[Black "Pilgaard, Kim"]
[Result "1-0"]
[WhiteElo "2410"]
[BlackElo "2384"]
[PlyCount "113"]
[EventDate "2016.11.06"]
[EventType "team-swiss"]
[EventRounds "7"]
[EventCountry "SRB"]
[SourceTitle "CBM 176"]
[Source "ChessBase"]
[SourceDate "2017.01.17"]
[SourceVersion "1"]
[SourceVersionDate "2017.01.17"]
[SourceQuality "1"]
[WhiteTeam "Perfect"]
[BlackTeam "Bronshoj"]
[WhiteTeamCountry "RUS"]
[BlackTeamCountry "DEN"]

1. e4 e5 2. Nf3 Nc6 3. Bb5 Nd4 4. Nxd4 exd4 5. 0-0 Bc5 6. d3 c6 7. Bc4 d5 8. exd5 cxd5 9. Re1+ Ne7 10. Bb5+ Bd7 11. Bxd7+ Qxd7 12. Nd2 0-0 13. Nb3 Bb6 14. Bd2 Nc6 15. Qf3 Rfe8 16. Rxe8+ Rxe8 17. Re1 Rxe1+ 18. Bxe1 Qe6 19. Bd2 h6 20. Kf1 Ne5 21. Qe2 Nc6 22. Qh5 Qd6 23. a3 Nd8 24. Ke1 Nc6 25. Kd1 Qe6 26. h3 Qf6 27. Be1 Ne7 28. Qe2 Qe6 29. Ba5 Bxa5 30. Nxa5 b6 31. Nb3 Qxe2+ 32. Kxe2 Nc6 33. Nd2 f5 34. f4 Kf7 35. Nf3 Kf6 36. h4 h5 37. b4 a6 38. Kd2 Ke6 39. Kc1 Kd6 40. Kb2 b5 41. Kb3 g6 42. c3 Ke6 43. c4 dxc4+ 44. dxc4 Kd6 45. a4 bxa4+ 46. Kxa4 d3 47. Kb3 d2 48. Nxd2 Nd4+ 49. Ka4 Ne2 50. Ka5 Nxf4 51. Kxa6 Nxg2 52. b5 Ne1 53. b6 Nd3 54. b7 Nb4+ 55. Kb6 Nc6 56. c5+ Kd5 57. Nb1 1-0

[Event "Moscow-chT"]
[Site "Moscow"]
[Date "2015.10.15"]
[Round "1.2"]
[White "Smirnova, Ekaterina"]
[Black "Kurochkin, Victor"]
[Result "0-1"]
[WhiteElo "2213"]
[BlackElo "2403"]
[PlyCount "136"]
[EventDate "2015.10.15"]
[EventType "team-swiss"]
[EventRounds "9"]
[EventCountry "RUS"]
[SourceTitle "CBM 168 Extra"]
[Source "ChessBase"]
[SourceDate "2015.10.29"]
[SourceVersion "1"]
[SourceVersionDate "2015.10.29"]
[SourceQuality "1"]
[WhiteTeam "Evil Empire"]
[BlackTeam "Boavista"]
[WhiteTeamCountry "RUS"]
[BlackTeamCountry "RUS"]

1. d4 Nf6 2. c4 d6 3. Nc3 Nbd7 4. e4 e5 5. Nf3 Be7 6. Be2 0-0 7. 0-0 c6 8. h3 exd4 9. Qxd4 Nc5 10. Be3 a5 11. Rfd1 Qc7 12. e5 dxe5 13. Qxe5 Qxe5 14. Nxe5 Re8 15. Nf3 a4 16. Nd4 Nfe4 17. Nxe4 Nxe4 18. f3 Nc5 19. Bf2 g6 20. Kf1 a3 21. b3 Na6 22. Nc2 Bf5 23. Bd3 Bxd3+ 24. Rxd3 b5 25. cxb5 cxb5 26. b4 Rec8 27. Nxa3 Nxb4 28. Rb3 Bf6 29. Rd1 Nxa2 30. Nxb5 Rab8 31. Nd4 h5 32. Rxb8 Rxb8 33. Ne2 Rb7 34. Bd4 Rd7 35. Ke1 Nb4 36. Bxf6 Nc2+ 37. Kf2 Rxd1 38. g4 hxg4 39. hxg4 Rd2 40. Bg5 Rd5 41. Bf6 Nb4 42. Kg3 Rd6 43. Be7 Rb6 44. Nf4 Nc2 45. Nd5 Rb3 46. Kf4 Nd4 47. Ne3 g5+ 48. Ke4 Ne6 49. Nf5 Kh7 50. Bd6 f6 51. Ne3 Kg6 52. Nf5 Rb5 53. Ne7+ Kf7 54. Nf5 Ra5 55. Ke3 Ra4 56. Nh6+ Ke8 57. Nf5 Kd7 58. Be7 Nf4 59. Bc5 Ke6 60. Bd4 Ra2 61. Bc3 Nd5+ 62. Kd4 Ra4+ 63. Kd3 Ra3 64. Nd4+ Ke5 65. Nb5+ Rxc3+ 66. Nxc3 Nxc3 67. Kxc3 Kf4 68. Kd4 Kxf3 0-1

[Event "EU-Cup 28th"]
[Site "Eilat"]
[Date "2012.10.16"]
[Round "6.3"]
[White "Steinberg, Nitzan"]
[Black "Kurochkin, Victor"]
[Result "1/2-1/2"]
[WhiteElo "2370"]
[BlackElo "2423"]
[PlyCount "99"]
[EventDate "2012.10.11"]
[EventType "team-swiss"]
[EventRounds "7"]
[EventCountry "ISR"]
[SourceTitle "CBM 151"]
[Source "ChessBase"]
[SourceDate "2012.11.13"]
[SourceVersion "1"]
[SourceVersionDate "2012.11.13"]
[SourceQuality "1"]
[WhiteTeam "Petah Tikva"]
[BlackTeam "Perfect"]
[WhiteTeamCountry "ISR"]
[BlackTeamCountry "RUS"]

1. e4 c5 2. Nf3 d6 3. d4 cxd4 4. Nxd4 Nf6 5. Nc3 a6 6. Be3 e5 7. Nb3 Be6 8. f4 Ng4 9. Bd2 exf4 10. Bxf4 Nc6 11. Be2 Nge5 12. 0-0 Be7 13. Nd5 0-0 14. Qd2 Re8 15. a4 Bf8 16. a5 Rc8 17. Rf2 Bxd5 18. exd5 Nb8 19. Nd4 g6 20. Nf3 Nbd7 21. Rff1 Bg7 22. c3 Nxf3+ 23. Bxf3 Ne5 24. Be2 h5 25. Kh1 f5 26. Qc2 Nf7 27. Qd3 Be5 28. Qg3 Kh7 29. Bd3 Bxf4 30. Rxf4 Re5 31. c4 Qf6 32. Raf1 Rce8 33. Qf2 R8e7 34. h3 Nh6 35. Rf3 Kg7 36. b4 Nf7 37. Rg3 Ng5 38. Qf4 Ne4 39. Bxe4 Rxe4 40. Qc1 h4 41. Rgf3 Qd4 42. Rf4 Qd3 43. Rxe4 Rxe4 44. Rf4 Qg3 45. Rf1 Re2 46. Rg1 f4 47. Qa1+ Kf7 48. Qh8 f3 49. Qh7+ Kf8 50. Qh8+ 1/2-1/2

[Event "Moscow Aeroflot op-B"]
[Site "Moscow"]
[Date "2006.02.15"]
[Round "9"]
[White "Zagrebelny, Sergey"]
[Black "Kurochkin, Victor"]
[Result "1/2-1/2"]
[WhiteElo "2485"]
[BlackElo "2423"]
[PlyCount "37"]
[EventDate "2006.02.07"]
[EventType "swiss"]
[EventRounds "9"]
[EventCountry "RUS"]
[SourceTitle "EXT 2007"]
[Source "ChessBase"]
[SourceDate "2006.11.23"]
[SourceVersion "1"]
[SourceVersionDate "2006.11.23"]
[SourceQuality "1"]

1. e4 c5 2. Nf3 d6 3. d4 cxd4 4. Nxd4 Nf6 5. Nc3 a6 6. g3 e6 7. Bg2 Be7 8. 0-0 0-0 9. Be3 Bd7 10. Qe2 Nc6 11. Rad1 Qc7 12. Nb3 b5 13. f4 Rac8 14. g4 b4 15. Na4 Na5 16. Nb6 Bb5 17. Qf3 Bxf1 18. Nxc8 Bxg2 19. Nxe7+ 1/2-1/2

[Event "Moscow Aeroflot op-B"]
[Site "Moscow"]
[Date "2006.02.13"]
[Round "7"]
[White "Bryzgalin, Kirill"]
[Black "Kurochkin, Victor"]
[Result "1-0"]
[WhiteElo "2473"]
[BlackElo "2423"]
[PlyCount "84"]
[EventDate "2006.02.07"]
[EventType "swiss"]
[EventRounds "9"]
[EventCountry "RUS"]
[SourceTitle "EXT 2007"]
[Source "ChessBase"]
[SourceDate "2006.11.23"]
[SourceVersion "1"]
[SourceVersionDate "2006.11.23"]
[SourceQuality "1"]

1. e4 c5 2. Nc3 Nc6 3. g3 g6 4. Bg2 Bg7 5. d3 e6 6. Nf3 Nge7 7. 0-0 0-0 8. Bg5 h6 9. Be3 Nd4 10. Nd2 d5 11. f4 Nxc2 12. Qxc2 d4 13. Bf2 dxc3 14. bxc3 b6 15. Rfd1 e5 16. fxe5 Bxe5 17. Nc4 Bg7 18. d4 Bg4 19. Rd2 cxd4 20. cxd4 Rc8 21. Qd3 Be6 22. Ne3 Qd7 23. Rad1 Rfd8 24. Qa3 Bf8 25. Qa6 Ra8 26. Qf1 Qa4 27. d5 Bd7 28. e5 Bb5 29. Qe1 Bg7 30. Nc2 Nf5 31. Nd4 Re8 32. Nxb5 Qxb5 33. Re2 Rad8 34. Bf3 h5 35. h3 Ne7 36. d6 Nc6 37. e6 fxe6 38. Rxe6 Ne5 39. Rxe8+ Rxe8 40. Qe4 Nxf3+ 41. Qxf3 Qd7 42. Qd5+ Kh7 1-0

[Event "Moscow Aeroflot op-B"]
[Site "Moscow"]
[Date "2006.02.11"]
[Round "5"]
[White "Kurochkin, Victor"]
[Black "Zhao, Xue"]
[Result "1-0"]
[WhiteElo "2423"]
[BlackElo "2423"]
[PlyCount "69"]
[EventDate "2006.02.07"]
[EventType "swiss"]
[EventRounds "9"]
[EventCountry "RUS"]
[SourceTitle "EXT 2007"]
[Source "ChessBase"]
[SourceDate "2006.11.23"]
[SourceVersion "1"]
[SourceVersionDate "2006.11.23"]
[SourceQuality "1"]

1. d4 Nf6 2. Nf3 e6 3. Bg5 h6 4. Bh4 c5 5. e3 Nc6 6. c3 cxd4 7. exd4 Be7 8. Bd3 Nh5 9. Bg3 b6 10. Nbd2 Bb7 11. Qe2 a6 12. 0-0-0 b5 13. Kb1 Qb6 14. Rhe1 d5 15. Be5 Nf6 16. h3 Nxe5 17. Nxe5 0-0 18. Ndf3 Rfd8 19. g4 b4 20. g5 Ne4 21. gxh6 bxc3 22. Rg1 g6 23. Nxf7 Rdc8 24. Rxg6+ Kf8 25. h7 Bf6 26. Rxf6 Ke7 27. h8Q Rxh8 28. Nxh8 Kxf6 29. Ne5 Qxb2+ 30. Qxb2 cxb2 31. Bxe4 dxe4 32. Nhg6 e3 33. Kxb2 Be4 34. fxe3 Bxg6 35. Rf1+ 1-0

[Event "RUS-chT 09th Group2"]
[Site "Ekaterinburg"]
[Date "2002.05.19"]
[Round "3"]
[White "Kurochkin, Victor"]
[Black "Pigusov, Evgeny"]
[Result "1-0"]
[WhiteElo "2415"]
[BlackElo "2623"]
[PlyCount "85"]
[EventDate "2002.05.17"]
[EventType "team-tourn"]
[EventRounds "7"]
[EventCountry "RUS"]
[SourceTitle "EXT 2020"]
[Source "ChessBase"]
[SourceDate "2019.10.17"]
[SourceVersion "1"]
[SourceVersionDate "2019.10.17"]
[SourceQuality "1"]
[WhiteTeam "Khabarovsk Lokomotiv"]
[BlackTeam "Tomsk 400"]
[WhiteTeamCountry "RUS"]
[BlackTeamCountry "RUS"]

1. e4 c5 2. Nf3 d6 3. d4 cxd4 4. Nxd4 Nf6 5. Nc3 a6 6. Be3 e5 7. Nb3 Be6 8. f3 Be7 9. Qd2 h5 10. 0-0-0 Nbd7 11. g3 Rc8 12. Nd5 Nxd5 13. exd5 Bf5 14. Bd3 Bxd3 15. Qxd3 0-0 16. g4 h4 17. Kb1 Bg5 18. Nd2 Bxe3 19. Qxe3 Qf6 20. Ne4 Qg6 21. h3 Nc5 22. Rdf1 b5 23. Rhg1 b4 24. g5 Nxe4 25. fxe4 Rc4 26. Rg4 Rfc8 27. Rc1 a5 28. Rxh4 a4 29. Rg4 a3 30. h4 axb2 31. Kxb2 Rc3 32. Qe2 Qh5 33. Qg2 g6 34. Rg1 Qh8 35. Rc1 Qg7 36. Qh2 Qh8 37. h5 gxh5 38. Rh4 Qg7 39. Rxh5 R3c4 40. Qh4 R8c7 41. Rh1 Rxc2+ 42. Kb1 Kf8 43. Rh8+ 1-0

[Event "RUS-chT 09th Group2"]
[Site "Ekaterinburg"]
[Date "2002.05.17"]
[Round "1"]
[White "Kurochkin, Victor"]
[Black "Nureev, Garun"]
[Result "1-0"]
[WhiteElo "2415"]
[BlackElo "2457"]
[PlyCount "79"]
[EventDate "2002.05.17"]
[EventType "team-tourn"]
[EventRounds "7"]
[EventCountry "RUS"]
[SourceTitle "CBM 090"]
[Source "ChessBase"]
[SourceDate "2002.09.20"]
[SourceVersion "1"]
[SourceVersionDate "2002.09.20"]
[SourceQuality "1"]
[WhiteTeam "Khabarovsk Lokomotiv"]
[BlackTeam "Satka Magnezit"]
[WhiteTeamCountry "RUS"]
[BlackTeamCountry "RUS"]

1. e4 d5 2. exd5 Nf6 3. d4 Nxd5 4. Nf3 g6 5. Be2 Bg7 6. 0-0 0-0 7. h3 Nc6 8. c4 Nb6 9. Be3 e5 10. d5 Ne7 11. Nc3 Nf5 12. Bg5 f6 13. Bc1 c5 14. dxc6 bxc6 15. c5 Nd5 16. Bc4 Nfe7 17. Qa4 Be6 18. Rd1 Qd7 19. Ne4 Kh8 20. Bd2 f5 21. Neg5 e4 22. Nxe6 Qxe6 23. Bxd5 Nxd5 24. Nd4 Qf6 25. Nxc6 Rae8 26. Nb4 e3 27. Nxd5 exf2+ 28. Kxf2 Qxb2 29. Rab1 Qe5 30. Bf4 Qe2+ 31. Kg1 Re4 32. Qa3 Rfe8 33. c6 Rd4 34. Qb3 Qe4 35. Bg3 Rc8 36. c7 Rc4 37. Qf3 Qc2 38. Bf4 Bd4+ 39. Kh1 Rc5 40. Rb8 1-0

[Event "RUS-chT 08th final B"]
[Site "Tomsk"]
[Date "2001.05.20"]
[Round "2"]
[White "Kurochkin, Victor"]
[Black "Ozgibcev, Anatoly"]
[Result "0-1"]
[WhiteElo "2448"]
[BlackElo "2459"]
[PlyCount "96"]
[EventDate "2001.05.19"]
[EventType "team-tourn"]
[EventRounds "3"]
[EventCountry "RUS"]
[SourceTitle "EXT 2020"]
[Source "ChessBase"]
[SourceDate "2019.10.17"]
[SourceVersion "1"]
[SourceVersionDate "2019.10.17"]
[SourceQuality "1"]
[WhiteTeam "Khabarovsk Lokomotiv"]
[BlackTeam "Nizhny Tagil Politekhnik"]
[WhiteTeamCountry "RUS"]
[BlackTeamCountry "RUS"]

1. e4 c5 2. Nf3 d6 3. d4 cxd4 4. Nxd4 Nf6 5. Nc3 Nc6 6. Bc4 Qb6 7. Nb3 e6 8. Qe2 Be7 9. Be3 Qc7 10. 0-0-0 a6 11. f4 b5 12. Bd3 Bb7 13. g4 Rc8 14. Rhe1 Nb4 15. Kb1 d5 16. e5 Ne4 17. Bxe4 dxe4 18. Rd2 0-0 19. Bd4 Nd5 20. Nxe4 Nxf4 21. Qf2 Bxe4 22. Rxe4 Ng6 23. Rd3 Qc6 24. Re2 b4 25. Nc1 a5 26. Red2 Qe4 27. h3 Bg5 28. Re2 Qc6 29. Rd1 Nf4 30. Re3 Bh4 31. Qd2 Rfd8 32. c3 Nd5 33. Rd3 h6 34. Rf1 bxc3 35. bxc3 Rb8+ 36. Ka1 Rb7 37. Nb3 Ra8 38. Rdf3 a4 39. Nc5 Rb5 40. Ne4 a3 41. Rxf7 Rbb8 42. Nd6 Rf8 43. Qg2 Rxf7 44. Rxf7 Rb8 45. Qf3 Nb4 46. Kb1 Qxf3 47. Rxf3 Nd3+ 48. Ka1 Ne1 0-1

[Event "RUS-chT 08th final B"]
[Site "Tomsk"]
[Date "2001.05.19"]
[Round "1"]
[White "Kurochkin, Victor"]
[Black "Yandemirov, Valeri"]
[Result "1/2-1/2"]
[WhiteElo "2448"]
[BlackElo "2472"]
[PlyCount "24"]
[EventDate "2001.05.19"]
[EventType "team-tourn"]
[EventRounds "3"]
[EventCountry "RUS"]
[SourceTitle "EXT 2020"]
[Source "ChessBase"]
[SourceDate "2019.10.17"]
[SourceVersion "1"]
[SourceVersionDate "2019.10.17"]
[SourceQuality "1"]
[WhiteTeam "Khabarovsk Lokomotiv"]
[BlackTeam "Kazan Ladya"]
[WhiteTeamCountry "RUS"]
[BlackTeamCountry "RUS"]

1. e4 e5 2. Nf3 Nc6 3. Bb5 a6 4. Bxc6 dxc6 5. 0-0 f6 6. d4 exd4 7. Nxd4 c5 8. Ne2 Qxd1 9. Rxd1 Bd7 10. Bf4 0-0-0 11. Nbc3 Ne7 12. Bg3 Ng6 1/2-1/2

[Event "RUS-chT 08th Group1"]
[Site "Tomsk"]
[Date "2001.05.16"]
[Round "4"]
[White "Kurochkin, Victor"]
[Black "Kotsur, Pavel"]
[Result "1/2-1/2"]
[WhiteElo "2448"]
[BlackElo "2576"]
[PlyCount "96"]
[EventDate "2001.05.13"]
[EventType "team-tourn"]
[EventRounds "5"]
[EventCountry "RUS"]
[SourceTitle "EXT 2020"]
[Source "ChessBase"]
[SourceDate "2019.10.17"]
[SourceVersion "1"]
[SourceVersionDate "2019.10.17"]
[SourceQuality "1"]
[WhiteTeam "Khabarovsk Lokomotiv"]
[BlackTeam "Tomsk 400"]
[WhiteTeamCountry "RUS"]
[BlackTeamCountry "RUS"]

1. e4 c5 2. Nf3 d6 3. d4 Nf6 4. Nc3 cxd4 5. Nxd4 Nc6 6. Be2 g6 7. Be3 Bg7 8. Qd2 Ng4 9. Bxg4 Bxg4 10. f3 Bd7 11. Nxc6 bxc6 12. Bh6 Bxh6 13. Qxh6 Qa5 14. Qg7 Rf8 15. Qd4 Qb6 16. 0-0-0 Qxd4 17. Rxd4 f6 18. Rd2 Rb8 19. Na4 c5 20. Nc3 Bc6 21. Nd5 Kf7 22. c4 Rb7 23. Re1 g5 24. Re3 a5 25. Ra3 Ra8 26. Rad3 Rab8 27. Kb1 Bd7 28. Re3 Be8 29. Kc1 Ke6 30. Ra3 Ra8 31. Re2 Bg6 32. Ree3 Raa7 33. Re2 Kf7 34. Rd3 Ra6 35. Rd1 a4 36. Rde1 e6 37. Ne3 Ke7 38. Rd2 h5 39. h3 Rb8 40. Kc2 Kd7 41. Kc1 Rab6 42. Red1 Ke7 43. Re2 Rb4 44. Rd3 g4 45. hxg4 hxg4 46. Red2 gxf3 47. gxf3 R4b6 48. Rg2 Bf7 1/2-1/2

[Event "Moravia-ch op"]
[Site "Moravia"]
[Date "1996.??.??"]
[Round "?"]
[White "Majer, Jiri"]
[Black "Kurochkin, Victor"]
[Result "0-1"]
[WhiteElo "2220"]
[BlackElo "2350"]
[PlyCount "74"]
[EventDate "1996.??.??"]
[EventType "swiss"]
[EventRounds "9"]
[EventCountry "CZE"]
[SourceTitle "EXT 1998"]
[Source "ChessBase"]
[SourceDate "1997.11.17"]
[SourceVersion "1"]
[SourceVersionDate "1997.11.17"]
[SourceQuality "1"]

1. c4 c5 2. Nc3 Nc6 3. g3 g6 4. Bg2 Bg7 5. Nf3 e6 6. e3 Nge7 7. d4 cxd4 8. Nxd4 Nxd4 9. exd4 d5 10. cxd5 Nxd5 11. Nxd5 exd5 12. 0-0 0-0 13. Qb3 Bxd4 14. Bxd5 Qf6 15. Be3 Bxb2 16. Rab1 Bd4 17. Bxd4 Qxd4 18. Rfd1 Qf6 19. Qc4 Rb8 20. Qc7 Bg4 21. Re1 Rfc8 22. Qe7 Qf5 23. Be4 Qa5 24. Qb4 Qh5 25. Qa3 Qc5 26. Qxc5 Rxc5 27. Rxb7 Rxb7 28. Bxb7 Ra5 29. Ra1 Kf8 30. f3 Be6 31. a3 Ke7 32. Be4 Kd6 33. Kf2 Kc5 34. Ke3 Kc4 35. Bd3+ Kb3 36. a4 Bd7 37. Kd4 Rxa4+ 0-1